Army of the Indian Moghuls (Record no. 12523)

MARC details
000 -LEADER
fixed length control field 00627nam a2200241 a 4500
020 ## - INTERNATIONAL STANDARD BOOK NUMBER
ISBN 8186142
082 00 - DEWEY DECIMAL CLASSIFICATION NUMBER
Classification number 954.025
Author Cutter IRV1
100 ## - MAIN ENTRY--AUTHOR NAME
Author name Irvine, William
245 ## - TITLE STATEMENT
Title Army of the Indian Moghuls
Sub title Its Organisation and Administration
260 ## - PUBLICATION, DISTRIBUTION, ETC. (IMPRINT)
Place of publication Delhi
Name of publisher D.K. Publications
Year of publication 1994
300 ## - PHYSICAL DESCRIPTION
Number of Pages 324p
500 ## - GENERAL NOTE
General note includes index and biblioraphy
505 2# - FORMATTED CONTENTS NOTE
Formatted contents note Index
650 ## - SUBJECT ADDED ENTRY--TOPICAL TERM
Topical Term Mughal India-Army
942 ## - ADDED ENTRY ELEMENTS (KOHA)
Koha item type Books
700 1# -
-- Irvine, William
Holdings
Collection code Home library Current library Date acquired Cost, normal purchase price Full call number Accession Number Koha item type
  Henry Martyn Institute Library Henry Martyn Institute Library 04/04/2007 75.00 954.025 IRV1 015475 Books
                   Copyright © 2026 | Henry Martyn Institute | Hyderabad | TS-500052 | INDIA | Implemented by hmi.edu.in
Hit-Count:

Powered by Koha